00581 2200217 4500001002100000005001500021035002000036245006800056100001600124250000600140300003500146700001200181260003900193082001200232084001800244020001800262650003200280990001700312990001700329990001700346INLIS00000000000021320180918042438 a0010-09180000671 aSelayang Pandang Jawa Barat /cMoh. Rofi'i; Ilustrator, Junarko0 aMoh. Rofi'i a- aiv, 60 hlm. :bilus. ;c21 cm.0 aJunarko aKlaten :bPT Intan Pariwara,c2008 a911.598 a911.598 MOH s a979-28-0106-4 aGeografi Historis Indonesia a00919/P/2018 a00920/P/2018 a00921/P/2018